00494 a2200169 450000100060000002000210000604000370002710000280006424000340009224500290012630000070015536200090016265000240017194200070019595201050020299900170030774284 a978-85-1004904-7 cAnchieta - Colégio São Paulo aNery, Salvador Barletta10aO castelo do sr. Hildsonlpor10aO castelo do sr. Hildson a310 a2000 4aLiteratura infantil cBK 00104070a88.1b88.1d2023-11-22l0oLI 028.5 N456cp4844/CSPr2023-11-22 14:31:10w2023-11-22yBK c74284d74284